000 00814cab a2200241 4500
001 WB2820-25
008 090401t1992 xxu||||| |||| 00| 0 eng d
035 _a(Sirsi) u12805
041 _aeng
245 _aGoing concern
260 _c1992
350 _a0
490 _aEstates Gazette
_v(9219) 16 May 1992, 51(1)
520 _aNew rules for auditors could give the public advance warning of companies about to go bust. But the draft Statement of Auditing Standards "Going concern" could prove a big headache for property bankers.
650 _aAUDITING PRACTICES BOARD
650 _aAUDITING STANDARDS
650 _aGOING CONCERN
650 _aSTATEMENT OF AUDITING STANDARDS
650 _aValuation
_96273
690 _aPROPERTY-PROPERTY FINANCE AND INVESTMENT
942 _n0
948 _c04/03/1997
999 _c8207
_d8207